Normal view
MARC view
- Dr. Joby Bastian
Entry Personal Name
001 - CONTROL NUMBER
- control field: 2186
003 - CONTROL NUMBER IDENTIFIER
- control field: OSt
005 - DATE AND TIME OF LATEST TRANSACTION
- control field: 20171120161833.0
008 - FIXED-LENGTH DATA ELEMENTS
- fixed length control field: 171120|| aca||aabn | a|a d
040 ## - CATALOGING SOURCE
- Original cataloging agency: OSt
- Transcribing agency: OSt
100 ## - HEADING--PERSONAL NAME
- Personal name: Dr. Joby Bastian
670 ## - SOURCE DATA FOUND
- Source citation: Work cat.: (OSt): NIDHIN J.K 2134, Investigations on energy input-output in below sea level rice production systems in Kuttanad region of Kerala
